People in History - Based on Their Intials and Job #3 - Statistics

General Stats
  • This quiz has been taken 95 times
  • The average score is 4 of 10
Answer Stats
Initials Job Answer % Correct
JFK President John F. Kennedy
100%
HH President Herbert Hoover
80%
CC actor Charlie Chaplin
70%
AF physician and microbiologist Alexander Fleming
48%
CA Emperor Caesar Augustus, Augustus, Octavian
36%
MS author Mary Shelley
20%
AB pirate Anne Bonny, Anne Bonney
11%
MA paleontologist Mary Anning
5%
MR pirate Mary Read, Mark Read
5%
JP military officer John Pitcairn
2%
No matching quizzes found
Score Distribution
Percent of People with Each Score
Percentile by Number Answered
Your Score History
You have not taken this quiz